Statistics for NBA players and their nationalities

Click here to take the quiz!

General Stats

  • This quiz has been taken 40 times
  • The average score is 15 of 22

Answer Stats

PlayerNation% Correct
Thanasis AntetokounmpoGreece
97%
Rudy GobertFrance
94%
Shai Gilgeous-AlexanderCanada
91%
Rui HachimuraJapan
91%
Kristaps PorzingisLatvia
91%
Marc GasolSpain
91%
Ben SimmonsAustralia
86%
Domantas SabonisLithuania
86%
Nikola JokicSerbia
86%
Bojan BogdanovićCroatia
80%
Luka DoncicSlovenia
80%
Joel EmbiidCameroon
74%
Nikola VucevicMontenegro
69%
Furkan KorkmazTurkey
69%
Svi MykhailiukUkraine
66%
Steven AdamsNew Zealand
63%
Jeremy SochanPoland
54%
Clint CapelaSwitzerland
54%
Bol BolSudan
49%
Deni AvdijaIsrael
43%
Chris BoucherSt. Lucia
14%
Kareem Abdul-JabbarAmerica
11%

Score Distribution

Percentile by Number Answered

Percent of People with Each Score

Your Score History

You have not taken this quiz